| 000 | 00566nam a2200169 a 4500 | ||
|---|---|---|---|
| 001 | 000023382 | ||
| 005 | 20200930022159.0 | ||
| 008 | 101206s1972 ve r 000 0 spa d | ||
| 040 |
_aDO-SdBNP _bspa _cBNPHU |
||
| 082 |
_axxxx _bC977r |
||
| 111 | 1 |
_aEncuentro Latinoamericano de Itaci _nIII _c(Caracas, Venezuela) _948162 |
|
| 245 | 1 | 4 | _aLos cursillos se renuevan. |
| 260 |
_aCaracas, Venezuela : _bOficina Nacional del movimiento de Cursillos de Cristiandad, _c1972. |
||
| 300 |
_a364 p. ; _c19 cm. |
||
| 500 | _aIncluye notas al pie de las páginas. | ||
| 049 | _aBNGR | ||
| 999 |
_c22879 _d22879 |
||